OECD economic outlook.
| Format: | Book |
|---|---|
| Published: |
Paris Cedex:
OECD,
2013.
|
| Subjects: |
| LEADER | 00434cam a2200157 7i4500 | ||
|---|---|---|---|
| 001 | 0000031716 | ||
| 005 | 20141010090000.0 | ||
| 020 | 0 | 0 | |a 9789264200913 |
| 090 | 0 | 0 | |a I 338.5443 |b OEC |
| 245 | 0 | 0 | |a OECD economic outlook. |
| 260 | 0 | 0 | |a Paris Cedex: |b OECD, |c 2013. |
| 300 | # | # | |a 245 p. |
| 650 | 0 | 0 | |a Economic conditions |
| 650 | 0 | 0 | |a Economic forecasting |
| 650 | 0 | 0 | |a Economic policy |
| 999 | |a 0000034504 |b Book |c International |e Business Information Centre | ||


